000 00349pab a2200145 454500
008 180718b1998 xxu||||| |||| 00| 0 eng d
100 _aGarg, I.K.
245 _aBasic inputs for globalising banks
260 _c1998
300 _ap.57-59
362 _aJan-Jun
650 _aBanks
773 _aPolitical Economy Journal of India
909 _a38397
999 _c38397
_d38397